[Event "Brno Petria-A"]
[Site "Brno"]
[Date "2005.??.??"]
[Round "5"]
[White "Nezdaril, Miroslav"]
[Black "Hala, Pavel"]
[Result "1-0"]
[WhiteElo "1800"]
[BlackElo "1615"]
[PlyCount "81"]
[EventDate "2005.??.??"]
[EventType "tourn"]
[EventRounds "9"]
[EventCountry "CZE"]
[SourceTitle "EXT 2007"]
[Source "ChessBase"]
[SourceDate "2006.11.23"]
[SourceVersion "1"]
[SourceVersionDate "2006.11.23"]
[SourceQuality "1"]

1. d4 d6 2. c4 Nc6 3. Nc3 a6 4. e4 e6 5. Nf3 h6 6. Be2 Nge7 7. d5 Nb8 8. 0-0 e5 9. b4 Ng6 10. h3 Be7 11. Be3 0-0 12. Nh2 Nd7 13. Bd3 b6 14. a4 Nf6 15. a5 Bd7 16. Qd2 Nh5 17. Ne2 Bg5 18. axb6 cxb6 19. Rfc1 Nhf4 20. c5 Nxd3 21. Qxd3 Bb5 22. Qd2 bxc5 23. bxc5 Bxe3 24. Qxe3 dxc5 25. Rxc5 Rc8 26. Rxc8 Qxc8 27. Nc3 Qc4 28. Nxb5 Qxb5 29. Nf3 Rc8 30. Qa3 Ra8 31. Qd6 f6 32. Rc1 Nf4 33. Rc7 Qb1+ 34. Kh2 Qxe4 35. Qd7 Qg6 36. Nh4 Qh7 37. Nf5 a5 38. Ne7+ Kf8 39. Nc8 Qg6 40. Qd6+ Kg8 41. Ne7+ 1-0

[Event "Brno Petria-A"]
[Site "Brno"]
[Date "2005.??.??"]
[Round "9"]
[White "Sipek, Michal"]
[Black "Nezdaril, Miroslav"]
[Result "1-0"]
[WhiteElo "1920"]
[BlackElo "1800"]
[PlyCount "89"]
[EventDate "2005.??.??"]
[EventType "tourn"]
[EventRounds "9"]
[EventCountry "CZE"]
[SourceTitle "EXT 2007"]
[Source "ChessBase"]
[SourceDate "2006.11.23"]
[SourceVersion "1"]
[SourceVersionDate "2006.11.23"]
[SourceQuality "1"]

1. g3 d5 2. c4 Nf6 3. Bg2 e6 4. Nc3 c6 5. b3 d4 6. Ne4 Nxe4 7. Bxe4 f5 8. Bg2 e5 9. d3 Bb4+ 10. Bd2 Bxd2+ 11. Qxd2 0-0 12. Nf3 Qc7 13. e3 c5 14. Ng5 h6 15. Bd5+ Kh8 16. h4 Nc6 17. a3 Ne7 18. Be6 Rf6 19. Bxc8 Rxc8 20. Nh3 Rd8 21. 0-0-0 Ra6 22. Kb2 Qa5 23. Qxa5 Rxa5 24. exd4 cxd4 25. Rhe1 e4 26. dxe4 Re5 27. exf5 Rxe1 28. Rxe1 Nxf5 29. Re5 d3 30. Rd5 Rxd5 31. cxd5 Nd4 32. f4 Kg8 33. g4 d2 34. Nf2 Ne2 35. f5 Nf4 36. Kc2 d1Q+ 37. Nxd1 Nxd5 38. Kd3 Kf7 39. Ne3 Nf6 40. Kd4 Ke8 41. Ke5 Kd7 42. g5 hxg5 43. hxg5 Ne8 44. Nd5 Nd6 45. g6 1-0

[Event "Brno Petria-B"]
[Site "Brno"]
[Date "2004.03.16"]
[Round "6"]
[White "Nezdaril, Miroslav"]
[Black "Kopkan, Pavel"]
[Result "0-1"]
[WhiteElo "1829"]
[BlackElo "1889"]
[PlyCount "71"]
[EventDate "2004.02.24"]
[EventType "tourn"]
[EventRounds "9"]
[EventCountry "CZE"]
[SourceTitle "EXT 2006"]
[Source "ChessBase"]
[SourceDate "2005.11.24"]
[SourceVersion "1"]
[SourceVersionDate "2005.11.24"]
[SourceQuality "1"]

1. d4 Nf6 2. c4 c5 3. Nf3 cxd4 4. Nxd4 Nc6 5. Nc3 e5 6. Nxc6 bxc6 7. g3 Bb4 8. Bd2 0-0 9. Bg2 Rb8 10. 0-0 Ba6 11. b3 Qa5 12. Nb1 d5 13. Bxb4 Rxb4 14. a3 dxc4 15. axb4 Qxa1 16. bxc4 Bxc4 17. Bxc6 Qa6 18. b5 Bxb5 19. Bxb5 Qxb5 20. Nc3 Qa5 21. Qb3 Rc8 22. Rb1 h6 23. Nb5 Rb8 24. Qd3 e4 25. Qc4 a6 26. Nc3 Rxb1+ 27. Nxb1 Qe1+ 28. Kg2 Qxb1 29. Qc8+ Kh7 30. Qf5+ Kh8 31. Qc8+ Ng8 32. Qxa6 Qb3 33. h4 Qe6 34. Qa3 f5 35. e3 Qg6 36. Qd6 0-1

[Event "Brno Petria-B"]
[Site "Brno"]
[Date "2004.03.09"]
[Round "5"]
[White "Fuchs, Stanislav"]
[Black "Nezdaril, Miroslav"]
[Result "1-0"]
[WhiteElo "1902"]
[BlackElo "1829"]
[PlyCount "89"]
[EventDate "2004.02.24"]
[EventType "tourn"]
[EventRounds "9"]
[EventCountry "CZE"]
[SourceTitle "EXT 2006"]
[Source "ChessBase"]
[SourceDate "2005.11.24"]
[SourceVersion "1"]
[SourceVersionDate "2005.11.24"]
[SourceQuality "1"]

1. e4 e5 2. Nc3 Nc6 3. Bc4 Nf6 4. d3 Bc5 5. Bg5 h6 6. Bh4 g5 7. Bg3 d6 8. h4 g4 9. Nge2 a6 10. Qd2 Nd4 11. 0-0-0 b5 12. Bb3 Bd7 13. Nxd4 Bxd4 14. Ne2 Bb6 15. Rdf1 Qe7 16. f4 gxf3 17. gxf3 0-0-0 18. Bf2 Bxf2 19. Rxf2 Be6 20. c4 c5 21. Qa5 Qb7 22. Kc2 Kd7 23. Rg1 b4 24. Ba4+ Ke7 25. b3 Rb8 26. Rfg2 Rbg8 27. Kb2 Rxg2 28. Rxg2 Rg8 29. Rxg8 Nxg8 30. a3 f5 31. Nc1 fxe4 32. fxe4 Nf6 33. Na2 bxa3+ 34. Kxa3 Ng4 35. b4 cxb4+ 36. Nxb4 Ne3 37. Nc6+ Kf8 38. Qd8+ Kg7 39. Qxd6 Qb1 40. Qxe5+ Kg6 41. Qxe6+ Kh5 42. Qf7+ Kxh4 43. Qf2+ Kh5 44. Qxe3 Qa1+ 45. Kb4 1-0

[Event "Brno Petria-B"]
[Site "Brno"]
[Date "2004.02.24"]
[Round "1"]
[White "Horak, Milos"]
[Black "Nezdaril, Miroslav"]
[Result "0-1"]
[WhiteElo "1658"]
[BlackElo "1829"]
[PlyCount "68"]
[EventDate "2004.02.24"]
[EventType "tourn"]
[EventRounds "9"]
[EventCountry "CZE"]
[SourceTitle "EXT 2006"]
[Source "ChessBase"]
[SourceDate "2005.11.24"]
[SourceVersion "1"]
[SourceVersionDate "2005.11.24"]
[SourceQuality "1"]

1. e4 e5 2. Nf3 Nc6 3. c3 Nf6 4. d3 Be7 5. Nbd2 0-0 6. Nc4 d6 7. Bg5 Ng4 8. Bxe7 Qxe7 9. h3 Nf6 10. Qd2 d5 11. exd5 Nxd5 12. Ne3 Be6 13. Be2 Rad8 14. Nh2 Nf4 15. b3 Nxd3+ 16. Bxd3 e4 17. 0-0-0 Rxd3 18. Qc2 Rfd8 19. Rhe1 Rxd1+ 20. Nxd1 f5 21. Re3 Ne5 22. Qe2 Nd3+ 23. Rxd3 Rxd3 24. Qb2 Qd6 25. Qe2 Qxh2 26. Kc2 Qe5 27. f3 Qa5 28. Kb2 Qd5 29. Kc2 Rxd1 30. Qxd1 Qxd1+ 31. Kxd1 e3 32. g3 f4 33. gxf4 Bxh3 34. Ke2 Kf7 0-1